书目信息 |
| 书名: | Branding Only Works on Cattle | |
| 作者: | Jonathan Salem Baskin | |
| 分册号: | ||
| 分册名: | 出版地: | America |
|
| 出版社: | Business plus | |
| 出版时间: | 2008 | |
| 页数: | 261p | |
| 开本: | 22cm | |
| 丛书名: | ||
| 中图分类号: | ||
| 科图分类号: | ||
| 其他分类号: | F273.2 | |
| 主题词: | ||
| 电子资源: | ||
| 000 | 00403nam0 2200145 450 | |
| 001 | 202012000498 | |
| 005 | 20121107112354.0 | |
| 008 | 12102001s | |
| 020 | @a9780446540773@c$16.00 | |
| 099 | @dF273.2@eJ761 | |
| 245 | 10 | @aBranding Only Works on Cattle@cJonathan Salem Baskin |
| 260 | 0 | @aAmerica@bBusiness plus@c2008 |
| 300 | @a261p@c22cm | |
| 905 | @b008364-5 | |
| 905 | @aTSG@dF273.2@eJ761 | |
| Branding Only Works on Cattle / Jonathan Salem Baskin .-America : Business plus , 2008 |
| 261p ; 22cm |
| ISBN 9780446540773$16.00 |
| ● |
| 相关链接 |
|
|
|
正题名:Branding Only Works on Cattle
索取号:F273.2/J761
 
预约/预借
| 序号 | 登录号 | 条形码 | 馆藏地/架位号 | 状态 | 备注 |
| 1 | 8364 | 300083647 | 社科库409/409社科库 117排1列2层/ [索取号:F273.2/J761] | 在馆 | |
| 2 | 8365 | 300083656 | 社科库409/409社科库 117排1列2层/ [索取号:F273.2/J761] | 在馆 |